000 00317nam a2200121Ia 4500
008 231129s9999||||xx |||||||||||||| ||spa||
040 _bspa
082 _a986.1 M828m
100 _aMorales Bení­tez Otto
245 0 _aMuchedumbres y banderas: luchas por la libertad
264 _aPlaza y Janés
942 _2ddc
_cBKS
999 _c21438
_d21438